000 00354 a2200109 4500
001 ART_10752
005 20260410161718.0
008 260409a
245 1 0 _aDiversas cuestiones de la acción de amparo por mora en un fallo reciente
100 1 _aHalperin, David A.
773 0 _tDerecho administrativo
_g- Nº 82 (ago. 2012)
_wREV1721
999 _c16731
_d16731